Harry Potter: la Défense Contre les Forces du Mal - Statistiques

Statistiques générales
  • Ce quiz a été pris 217 fois
  • Le résultat moyen est 10 sur 13
Statistiques - réponses
Information Réponses % Correct
Professeur Dolores Ombrage
98%
Ecole dans laquelle elle est enseignée Poudlard
98%
Professeur Severus Rogue
98%
Professeur Remus Lupin
97%
Professeur Quirinus Quirrell
96%
Professeur Barty Croupton Jr
95%
Professeur Gilderoy Lockhart
94%
Première apparition Harry Potter à l'école des sorciers
93%
Dernière apparition Harry Potter et les Reliques de la Mort
93%
Professeur Amycus Carrow
78%
Ecole dans laquelle elle est enseignée Ilvermorny
22%
Professeur Galatea Têtenjoy
12%
Professeur Rionach Steward
4%
Aucun quiz correspondant
Distribution des résultats
% des personnes avec chaque résultat
Percentile par nombre de réponses
Votre historique - résultats
Vous n’avez pas pris ce quiz